[Event "Centrocoop June op-A"]
[Site "Eforie Nord"]
[Date "1999.06.??"]
[Round "?"]
[White "Baltac, Constantin"]
[Black "Constantinescu, Mihnea"]
[Result "1-0"]
[WhiteElo "2098"]
[BlackElo "2230"]
[PlyCount "112"]
[EventDate "1999.06.??"]
[EventType "swiss"]
[EventRounds "11"]
[EventCountry "ROU"]
[SourceTitle "EXT 2004"]
[Source "ChessBase"]
[SourceDate "2003.11.25"]
[SourceVersion "1"]
[SourceVersionDate "2003.11.25"]
[SourceQuality "1"]

1. e4 c6 2. d4 d5 3. Nc3 dxe4 4. Nxe4 Nf6 5. Nxf6+ gxf6 6. Be3 Bf5 7. Bd3 e6 8. Bxf5 Qa5+ 9. Qd2 Qxf5 10. 0-0-0 Qd5 11. Kb1 Qxg2 12. Ne2 Nd7 13. c4 Nb6 14. Rc1 Nxc4 15. Qd3 Nxe3 16. fxe3 f5 17. Ka1 Bd6 18. h4 Qe4 19. Qb3 0-0-0 20. h5 Rhg8 21. Rhe1 Kb8 22. Nc3 Qd3 23. a4 Rg3 24. Rcd1 Qa6 25. e4 fxe4 26. Rxe4 Qa5 27. h6 Bb4 28. Re5 Qb6 29. Ka2 Bxc3 30. bxc3 Qxb3+ 31. Kxb3 Rh3 32. Rf1 Rd7 33. Rf6 Rg3 34. Re4 Rg6 35. Rxg6 hxg6 36. h7 Rd8 37. Rf4 f5 38. Rh4 Rh8 39. Rh6 g5 40. Rg6 Rxh7 41. Rxg5 Rf7 42. Rg6 f4 43. Rxe6 f3 44. Re1 f2 45. Rf1 Kc7 46. Kc2 Kb6 47. Kb3 Ka5 48. c4 Rf6 49. Kc2 Kxa4 50. d5 cxd5 51. cxd5 Kb5 52. Kd2 Kc5 53. Ke2 Rf5 54. Rc1+ Kxd5 55. Kf1 b5 56. Rc7 a5 1-0

[Event "Centrocoop June op-A"]
[Site "Eforie Nord"]
[Date "1999.06.??"]
[Round "?"]
[White "Baltac, Constantin"]
[Black "Petrenko, Svetlana"]
[Result "0-1"]
[WhiteElo "2098"]
[BlackElo "2227"]
[PlyCount "56"]
[EventDate "1999.06.??"]
[EventType "swiss"]
[EventRounds "11"]
[EventCountry "ROU"]
[SourceTitle "EXT 2004"]
[Source "ChessBase"]
[SourceDate "2003.11.25"]
[SourceVersion "1"]
[SourceVersionDate "2003.11.25"]
[SourceQuality "1"]

1. e4 c5 2. Nc3 Nc6 3. g3 g6 4. Bg2 Bg7 5. Nge2 e6 6. d3 Nge7 7. Be3 Nd4 8. 0-0 Nec6 9. a3 0-0 10. Qd2 d6 11. Nd1 Qa5 12. Nxd4 Qxd2 13. Bxd2 Nxd4 14. Ne3 Bd7 15. Rab1 b5 16. Kh1 a5 17. f4 Bc6 18. b3 b4 19. a4 Rfd8 20. f5 Bh6 21. Rf2 exf5 22. exf5 Bxe3 23. Bxc6 Bxf2 24. Bxa8 Rxa8 25. Kg2 Re8 26. fxg6 Re2 27. gxf7+ Kxf7 28. Bf4 Be3+ 0-1

[Event "Centrocoop June op-A"]
[Site "Eforie Nord"]
[Date "1999.06.??"]
[Round "?"]
[White "Breahna, Radu"]
[Black "Baltac, Constantin"]
[Result "1-0"]
[WhiteElo "2281"]
[BlackElo "2098"]
[PlyCount "77"]
[EventDate "1999.06.??"]
[EventType "swiss"]
[EventRounds "11"]
[EventCountry "ROU"]
[SourceTitle "EXT 2004"]
[Source "ChessBase"]
[SourceDate "2003.11.25"]
[SourceVersion "1"]
[SourceVersionDate "2003.11.25"]
[SourceQuality "1"]

1. d4 Nf6 2. c4 g6 3. Nc3 Bg7 4. e4 d6 5. h3 Nbd7 6. Nf3 0-0 7. e5 Ne8 8. Bf4 c6 9. Be2 Qa5 10. exd6 Nxd6 11. 0-0 Qd8 12. Re1 Nf6 13. Bf1 Be6 14. Ng5 Bc8 15. Bh2 h6 16. Nf3 e6 17. Qd2 Nh7 18. Ne5 Nf5 19. Rad1 Nf6 20. Kh1 Nd7 21. Nf3 a6 22. Qc2 b5 23. b3 Bb7 24. Ne4 h5 25. Kg1 Qb6 26. c5 Qd8 27. Nd6 Nxd6 28. Bxd6 Re8 29. Bd3 f5 30. Qc1 Bc8 31. Qf4 Bf8 32. Qg3 Qf6 33. Bf4 Bg7 34. b4 Nf8 35. Ne5 Bd7 36. Bg5 f4 37. Qh4 Nh7 38. Bxf6 Bxf6 39. Qxf4 1-0

[Event "Centrocoop June op-A"]
[Site "Eforie Nord "]
[Date "1998.??.??"]
[Round "?"]
[White "Baltac, Constantin"]
[Black "Korenev, Andrei"]
[Result "0-1"]
[WhiteElo "2110"]
[BlackElo "2235"]
[PlyCount "26"]
[EventDate "1998.06.??"]
[EventType "swiss"]
[EventRounds "11"]
[EventCountry "ROU"]
[SourceTitle "EXT 2000"]
[Source "ChessBase"]
[SourceDate "1999.11.16"]
[SourceVersion "1"]
[SourceVersionDate "1999.11.16"]
[SourceQuality "1"]

1. e4 d5 2. exd5 Nf6 3. d4 Nxd5 4. c4 Nb6 5. Nc3 e5 6. dxe5 Qxd1+ 7. Nxd1 Nc6 8. f4 Be6 9. Ne3 0-0-0 10. Bd2 Bc5 11. 0-0-0 Rd7 12. Nf3 Rhd8 13. Be2 Rxd2 0-1